| 000 | 00000nam 2200000za 4500 |
| 001 | 9.852989 |
| 003 | CaOODSP |
| 005 | 20221107154722 |
| 007 | cr ||||||||||| |
| 008 | 180306s1974 onc #o f000 0 eng d |
| 040 | |aCaOODSP|beng |
| 043 | |an-cn--- |
| 086 | 1 |aR32-470/1974E-PDF |
| 245 | 00|aChronology of events of relevance to the Indians of Atlantic Canada |h[electronic resource]. |
| 260 | |aOttawa : |bTreaties and Historical Research Centre, |c1974. |
| 300 | |a4, [2] p. |
| 500 | |aTitle from cover. |
| 500 | |aDigitized edition from print [produced by Indigenous and Northern Affairs Canada]. |
| 520 | |aChronology of historical events of relevance to the Indians of Atlantic Canada from 1497 to 1958. |
| 692 | 07|2gccst|aIndians |
| 692 | 07|2gccst|aAgreements |
| 692 | 07|2gccst|aCanadian history |
| 710 | 2 |aTreaties and Historical Research Centre (Canada) |
| 710 | 1 |aCanada. |bIndian and Northern Affairs Canada. |
| 856 | 40|qPDF|s794 KB|uhttps://publications.gc.ca/collections/collection_2018/aanc-inac/R32-470-1974-eng.pdf |